000 00807nam a2200205 i 4500
001 166070
003 ES-MaACL
005 20231226174900.0
008 050920s1881 sp |||| | spa d
080 _a39(460)
100 1 _aTartilan, Sofía.
_9109355
245 1 0 _aCostumbres populares :
_bcolección de cuadros tomados del natural /
_cpor Sofía Tartilán ; con una carta-prólogo del Excmo. Señor D. Ramón de Mesonero Romanos.
250 _a3ª ed. corr. y aum.
260 _aMadrid :
_b[s.n.],
_c1881 (
_fEstab. Tip. de M. Minuesa)
300 _aXI, 286 p. ;
_c19 cm.
651 4 _aEspaña-
_xUsos y costumbres-
_yS.XIX.
_98521
700 1 _aMesonero Romanos, Ramón de,
_d1803-1882
_980672
852 _aES-MaACL
_jG-13481
_z- Enc. hol., conservando la enc. original
999 _c166070
_d166070